|
|
|
|
| LEADER |
00000nam a2200000 a 4500 |
| 001 |
vtls001465397 |
| 003 |
SK-MaSNL |
| 005 |
20260302073245.0 |
| 008 |
031216s2003 CH 0 ger |
| 020 |
|
|
|a 3907820002
|
| 020 |
|
|
|a 3908255236
|
| 035 |
|
|
|a SNK000420702
|
| 040 |
|
|
|a SNK
|b slo
|c SNK
|e AACR2
|
| 043 |
|
|
|a ew-----
|
| 043 |
|
|
|a ec-----
|
| 044 |
|
|
|a CH
|a DE
|
| 072 |
|
7 |
|a 821.112.2-3
|x Nemecká próza, nemecky písaná
|2 konspekt
|
| 072 |
|
7 |
|a 030
|x Všeobecné príručkové diela
|2 konspekt
|
| 080 |
|
|
|a 821.112.2
|2 1981
|
| 080 |
|
|
|a 821.112.2-051
|2 1981
|
| 080 |
|
|
|a (031)
|2 1981
|
| 245 |
1 |
|
|a Deutsches Literatur-Lexikon
|b biographisch-bibliographisches Handbuch
|c begründet von Wilhelm Kosch, fortgeführt von Carl Ludwig Lang ; herausgegeben von Hubert Herkommer und Konrad Feilschenfeldt
|n 23. Band, Tilka - Trystedt ; Redaktion: Ingrid Bigler-Marschall, Reinhard Müller
|
| 250 |
|
|
|a 3. völlig neu bearb. Aufl.
|
| 260 |
|
|
|a Zürich [etc.]
|b K. G. Saur
|c 2003
|
| 300 |
|
|
|a xv, 688 stĺ.
|c 25 cm
|
| 650 |
0 |
7 |
|a nemecky píšuci spisovatelia
|y stor. 20.
|2 SNK
|9 351571
|
| 650 |
0 |
7 |
|a nemecky písaná literatúra
|y stor. 20.
|2 SNK
|9 351572
|
| 655 |
|
7 |
|a slovníky
|2 SNK
|9 70413
|
| 655 |
|
7 |
|a encyklopédie
|2 SNK
|9 28776
|
| 655 |
|
7 |
|a výkladové slovníky
|2 SNK
|9 69007
|
| 700 |
1 |
|
|a Kosch, Wilhelm,
|d 1879-1960
|4 zos
|9 86620
|
| 700 |
1 |
|
|a Lang, Carl Ludwig
|4 zos
|9 371265
|
| 700 |
1 |
|
|a Herkommer, Hubert
|4 zos
|9 388063
|
| 919 |
|
|
|a 3-907820-00-2
|
| 919 |
|
|
|a 3-908255-23-6
|
| 999 |
|
|
|c 1160103
|d 1162033
|
| 952 |
|
|
|t snkDEU/23 830(031)
|a SNKUST
|b SNKUST
|y PREZ
|7 0
|p 17A0403770
|o snkIC 79783/23
|i snkZK 1273/2003
|8 4
|g 311.62
|0 0
|1 0
|4 0
|d 2003-12-16
|l 0
|r 2025-04-29 00:00:00
|w 2026-02-24
|